000 00795cam a22002413a 4500
001 25213
003 PGUSA
005 20140828083537.0
008 081117s2008||||xxu|||||s|||||000 | eng d
040 _aPGUSA
_beng
042 _adc
050 4 _aML
100 1 _aMathews, W. S. B.
_q(William Smythe Babcock),
_d1837-1912
245 1 4 _aThe Masters and their Music :
_bA series of illustrative programs with biographical, esthetical, and critical annotations
_h[electronic resource] /
_cW. S. B. Mathews
260 _bProject Gutenberg,
_c2008
506 _aPublic domain in the USA.
516 _aElectronic text
653 _aComposers -- Biography
653 _aMusic appreciation
830 0 _aProject Gutenberg
_v25213
856 4 0 _uhttp://www.gutenberg.org/ebooks/25213
942 _cEB
999 _c254468
_d254468